| 000 | 00405nam a22001697a 4500 | ||
|---|---|---|---|
| 003 | NUST - PNEC | ||
| 005 | 20170116180833.0 | ||
| 008 | 150801b xxu||||| |||| 00| 0 eng d | ||
| 020 | _a0471517488 | ||
| 040 | _cLIBRARY | ||
| 082 | _a515.15 HEG | ||
| 100 |
_94750 _aHegarty, John |
||
| 245 |
_aApplied calculus _cJohn c. hegarty |
||
| 260 | _cc1990. | ||
| 650 |
_94753 _aCalculus _xME |
||
| 942 |
_2ddc _cBK |
||
| 999 |
_c64092 _d64092 |
||